Statistics for Guess 20 players price through all of their trasnfers

Click here to take the quiz!

General Stats

  • This quiz has been taken 13 times
  • The average score is 3 of 20

Answer Stats

HintAnswer% Correct
310MNeymar
80%
325MLukaku
70%
245MRonaldo
70%
150MHazard
20%
145MMbappe
20%
160MCoutinho
10%
184MGriezmann
10%
159MHiguain
10%
169MIbrahimovic
10%
123MSuarez
10%
123MAnelka
0%
120MCancelo
0%
126MCrespo
0%
175MDembele
0%
179MDi Maria
0%
127MFelix
0%
189MMorata
0%
126MPaulinho
0%
148MRodriguez
0%
121MVeron
0%

Score Distribution

Percentile by Number Answered

Percent of People with Each Score

Your Score History

You have not taken this quiz